<?xml version="1.0" encoding="UTF-8"?><?xml-stylesheet type="text/xsl" href="static/style.xsl"?><OAI-PMH xmlns="http://www.openarchives.org/OAI/2.0/" xmlns:xsi="http://www.w3.org/2001/XMLSchema-instance" xsi:schemaLocation="http://www.openarchives.org/OAI/2.0/ http://www.openarchives.org/OAI/2.0/OAI-PMH.xsd"><responseDate>2026-04-17T15:53:07Z</responseDate><request verb="GetRecord" identifier="oai:www.recercat.cat:10230/46546" metadataPrefix="marc">https://recercat.cat/oai/request</request><GetRecord><record><header><identifier>oai:recercat.cat:10230/46546</identifier><datestamp>2025-12-23T20:54:42Z</datestamp><setSpec>com_2072_6</setSpec><setSpec>col_2072_452954</setSpec></header><metadata><record xmlns="http://www.loc.gov/MARC21/slim" xmlns:dcterms="http://purl.org/dc/terms/" xmlns:xsi="http://www.w3.org/2001/XMLSchema-instance" xmlns:doc="http://www.lyncode.com/xoai" xsi:schemaLocation="http://www.loc.gov/MARC21/slim http://www.loc.gov/standards/marcxml/schema/MARC21slim.xsd">
   <leader>00925njm 22002777a 4500</leader>
   <datafield ind2=" " ind1=" " tag="042">
      <subfield code="a">dc</subfield>
   </datafield>
   <datafield ind2=" " ind1=" " tag="720">
      <subfield code="a">Pons Vidal, Maria Isabel</subfield>
      <subfield code="e">author</subfield>
   </datafield>
   <datafield ind2=" " ind1=" " tag="260">
      <subfield code="c">2021-02-19T11:36:41Z</subfield>
   </datafield>
   <datafield ind2=" " ind1=" " tag="260">
      <subfield code="c">2021-02-19T11:36:41Z</subfield>
   </datafield>
   <datafield ind2=" " ind1=" " tag="260">
      <subfield code="c">2020-07</subfield>
   </datafield>
   <datafield ind2=" " ind1=" " tag="520">
      <subfield code="a">Treball de fi de grau en Biomèdica</subfield>
   </datafield>
   <datafield ind2=" " ind1=" " tag="520">
      <subfield code="a">Atrial fibrillation (AF), which is considered the most common human arrhythmia, drastically&#xd;
increases the risk of stroke. Around 99% of thrombi in non-valvular AF are formed in the&#xd;
left atrial appendage (LAA). The current guidelines for patients stratification and treatment&#xd;
depending on their thrombogenic risk is based on the CHA2DS2-VASc score that presents&#xd;
some limitations since only a small subset of factors are considered. Furthermore, the role of&#xd;
the LAA in the process of thrombus formation is not fully understood. Recent studies claimed&#xd;
that morphological variables and haemodynamics indices could be better predictors than the&#xd;
CHA2DS2-VASc score.&#xd;
The aim of this project is to perform a joint analysis with haemodynamics indices extracted&#xd;
from patient-specific simulations and morphological parameters of the left atrium (LA) and&#xd;
LAA in order to improve the stratification of those patients who suffer from AF and better&#xd;
tailor the treatment.&#xd;
A cohort of 71 non-valvular AF patients, provided by OLV Hospital, was analyzed. Geometries&#xd;
were obtained from 3D rotational angiography images and segmented. Computational fluid&#xd;
dynamics (CFD) of 38 geometries were carried out. Haemodynamics indices related with the&#xd;
risk of thrombus formation have been computed from CFD simulations such as endothelial&#xd;
cell activation potential (ECAP) or relative residence time (RRT), together with velocity and&#xd;
vorticity analysis. Moreover, morphologic and volumetric parameters, such as the length of the&#xd;
centreline, the maximum ostium diameter and the bending angle of the LAA, have been gather&#xd;
and analyzed.&#xd;
A statistical analysis was performed to analyse the differences between morphological and&#xd;
haemodynamics parameters between patients with and without transient ischemic attack (TIA)&#xd;
history. The results of the statistical tests and regression models of morphological parameters&#xd;
suggest that larger LAAs (e.g. larger ostium diameter), have a higher risk of thrombus formation.&#xd;
As for haemodynamics parameters, none of them could accurately identify TIA vs&#xd;
non-TIA patients. However, the Akaike information criterion (AIC) when combining morphological&#xd;
and haemodynamics parameters in a regression model reported a good predictor model&#xd;
for risk of thrombus formation was obtained.</subfield>
   </datafield>
   <datafield tag="653" ind2=" " ind1=" ">
      <subfield code="a">Left atrial appendage</subfield>
   </datafield>
   <datafield tag="653" ind2=" " ind1=" ">
      <subfield code="a">Computational fluid dynamics</subfield>
   </datafield>
   <datafield tag="653" ind2=" " ind1=" ">
      <subfield code="a">Cardiac morphology</subfield>
   </datafield>
   <datafield tag="653" ind2=" " ind1=" ">
      <subfield code="a">Atrial fibrillation</subfield>
   </datafield>
   <datafield tag="653" ind2=" " ind1=" ">
      <subfield code="a">Thrombus formation</subfield>
   </datafield>
   <datafield ind2="0" ind1="0" tag="245">
      <subfield code="a">Joint analysis of in-silico haemodynamics and morphological parameters of the left atrial appendage</subfield>
   </datafield>
</record></metadata></record></GetRecord></OAI-PMH>